|
|
|
|
| LEADER |
00000nab a2200000ua 4500 |
| 001 |
vtls010787991 |
| 003 |
SK-MaSNL |
| 005 |
20260303114759.0 |
| 008 |
230127s1976 xo |||||||||||||||||slo| |
| 035 |
|
|
|a (urnnbn)urn:nbn:sk:snk:ar-a01nu9
|
| 035 |
|
|
|a (uuid)424eb46b-b919-44d2-b42d-f76327ef8ad9
|
| 035 |
|
|
|a urn:nbn:sk:snk-ab4fxr
|
| 040 |
|
|
|a SNKBUCL
|b slo
|c SNKBUCL
|e AACR2
|
| 041 |
0 |
|
|a slo
|
| 044 |
|
|
|a xo
|c SK
|
| 100 |
1 |
|
|a Nagy, G.
|4 aut
|9 776712
|
| 245 |
1 |
0 |
|a 100. výročie narodenia Dr. Stanislava Prowázka v Komárne
|c G. Nagy
|
| 773 |
0 |
|
|t Naše liečivé rastliny
|g Roč. 13, č. 2 (1976), s. 64
|
| 954 |
|
|
|a odborná, vedecká literatúra pôvodná (slovenská)
|2 lita
|
| 958 |
|
|
|a OND
|
| 958 |
|
|
|a EUIPO
|
| 958 |
|
|
|a article3
|
| 999 |
|
|
|c 1900372
|d 1902302
|